[Event "EU-ch U16 rapid"]
[Site "Terme Catez"]
[Date "2023.09.28"]
[Round "4"]
[White "Tancsa, Tamas"]
[Black "Gschiel, Alexander"]
[Result "1-0"]
[WhiteElo "2290"]
[BlackElo "2091"]
[PlyCount "51"]
[EventDate "2023.09.28"]
[EventType "swiss (rapid)"]
[EventRounds "9"]
[EventCountry "SLO"]
[SourceTitle "EXT 2024"]
[Source "ChessBase"]
[SourceDate "2023.10.10"]
[SourceVersion "1"]
[SourceVersionDate "2023.10.10"]
[SourceQuality "1"]

1. e4 c6 2. d4 d5 3. Nd2 dxe4 4. Nxe4 Nf6 5. Nxf6+ exf6 6. c3 Bd6 7. Bd3 0-0 8. Ne2 Re8 9. 0-0 Nd7 10. Ng3 g6 11. f4 f5 12. Bd2 Nf6 13. c4 Ne4 14. Bxe4 fxe4 15. Be3 f5 16. Qd2 c5 17. Rad1 cxd4 18. Bxd4 Be6 19. b3 Qe7 20. Kh1 Rad8 21. Qf2 b6 22. Ba1 Qh4 23. Qb2 Bf8 24. Qh8+ Kf7 25. Nh5 Qxh5 26. Qf6+ 1-0

[Event "Bratislava exe op"]
[Site "Bratislava"]
[Date "2023.09.15"]
[Round "1"]
[White "Kowarsch, Peter"]
[Black "Gschiel, Alexander"]
[Result "0-1"]
[WhiteElo "1717"]
[BlackElo "2265"]
[PlyCount "67"]
[EventDate "2023.09.15"]
[EventType "swiss"]
[EventRounds "9"]
[EventCountry "SVK"]
[SourceTitle "EXT 2024"]
[Source "ChessBase"]
[SourceDate "2023.10.10"]
[SourceVersion "1"]
[SourceVersionDate "2023.10.10"]
[SourceQuality "1"]

1. Nf3 Nf6 2. b3 d5 3. Bb2 e6 4. e3 Be7 5. d4 Nbd7 6. Bd3 Ne4 7. Nbd2 f5 8. Bxe4 fxe4 9. Ng1 0-0 10. Qe2 Bd6 11. c4 c6 12. h4 Qe7 13. g4 e5 14. g5 exd4 15. exd4 Rf4 16. Nh3 Rxh4 17. c5 Nxc5 18. dxc5 Be5 19. 0-0-0 Bxb2+ 20. Kxb2 Rxh3 21. Rxh3 Bxh3 22. Qe3 Qe5+ 23. Ka3 Bg4 24. f3 d4 25. Qxe4 Qxc5+ 26. Kb2 Bf5 27. Qe1 Qc2+ 28. Ka3 b5 29. Rc1 b4+ 30. Kxb4 Qxa2 31. Nc4 Rb8+ 32. Kc5 Qxb3 33. Kxd4 Qd3+ 34. Kc5 0-1

[Event "AUT-chT2O 2223"]
[Site "Austria"]
[Date "2023.01.21"]
[Round "6.1"]
[White "Gschiel, Alexander"]
[Black "Jovanovic, Dusan D"]
[Result "0-1"]
[WhiteElo "2300"]
[BlackElo "2389"]
[PlyCount "86"]
[EventDate "2022.10.15"]
[EventType "team-tourn"]
[EventRounds "11"]
[EventCountry "AUT"]
[SourceTitle "CBM 213 Extra"]
[Source "ChessBase"]
[SourceDate "2023.05.31"]
[SourceVersion "1"]
[SourceVersionDate "2023.05.31"]
[SourceQuality "1"]
[WhiteTeam "Pamhagen"]
[BlackTeam "Bad Voeslau"]
[WhiteTeamCountry "AUT"]
[BlackTeamCountry "AUT"]

1. d4 Nf6 2. c4 e6 3. Nf3 Bb4+ 4. Nbd2 b6 5. a3 Bxd2+ 6. Qxd2 Bb7 7. e3 d6 8. Be2 Nbd7 9. 0-0 a5 10. b3 0-0 11. Bb2 Ne4 12. Qd3 f5 13. Nd2 Qh4 14. f3 Ng5 15. d5 Rae8 16. Rac1 f4 17. e4 e5 18. Rfe1 Rf6 19. Nf1 Nh3+ 20. gxh3 Rg6+ 21. Kh1 Qf2 22. Ne3 fxe3 23. Rg1 Nc5 24. Qc2 a4 25. b4 Nb3 26. Rcf1 Rxg1+ 27. Rxg1 Bc8 28. Rg2 Qh4 29. Rg3 Qf4 30. Qd3 h5 31. h4 Bd7 32. Bc3 Rf8 33. Bd1 Rf6 34. Kg2 c5 35. dxc6 Bxc6 36. Bxb3 axb3 37. Kg1 e2 38. Kf2 Qc1 39. Rg1 b2 40. b5 Bb7 41. Bb4 Rf4 42. Qb1 Qxc4 43. Rg3 Qxe4 0-1

[Event "AUT-chT2O 2223"]
[Site "Austria"]
[Date "2022.12.03"]
[Round "5.4"]
[White "Gschiel, Alexander"]
[Black "Vrana, Frantisek"]
[Result "1/2-1/2"]
[WhiteElo "2300"]
[BlackElo "2212"]
[PlyCount "102"]
[EventDate "2022.10.15"]
[EventType "team-tourn"]
[EventRounds "11"]
[EventCountry "AUT"]
[SourceTitle "CBM 213 Extra"]
[Source "ChessBase"]
[SourceDate "2023.05.31"]
[SourceVersion "1"]
[SourceVersionDate "2023.05.31"]
[SourceQuality "1"]
[WhiteTeam "Pamhagen"]
[BlackTeam "Mistelbach/Altlichtenwarth"]
[WhiteTeamCountry "AUT"]
[BlackTeamCountry "AUT"]

1. d4 Nf6 2. c4 d6 3. Nf3 Bg4 4. e3 Nbd7 5. Be2 e5 6. Nc3 c6 7. h3 Bh5 8. 0-0 Be7 9. b3 0-0 10. Bb2 Qc7 11. Rc1 Rfe8 12. Nd2 Bxe2 13. Nxe2 Rad8 14. e4 Bf8 15. d5 g6 16. Ng3 Bh6 17. Rc2 Qb6 18. Ba3 Bf4 19. Kh1 h5 20. Qb1 Nc5 21. b4 Nd3 22. Nf3 cxd5 23. exd5 Nxf2+ 24. Rcxf2 Bxg3 25. Re2 Bf4 26. Qe1 Nh7 27. g3 Bh6 28. Qc3 Bg7 29. Nd2 e4 30. Qc2 f5 31. g4 hxg4 32. hxg4 Rf8 33. gxf5 gxf5 34. Rg2 Rd7 35. Bb2 Qe3 36. Rfg1 Nf6 37. Qc3 Qxc3 38. Bxc3 Ng4 39. Bxg7 Rxg7 40. Rc1 e3 41. Nf3 b6 42. c5 bxc5 43. bxc5 dxc5 44. Rxc5 Rb8 45. Rc1 Rb6 46. Nd4 Nf2+ 47. Kg1 Nh3+ 48. Kh2 Rxg2+ 49. Kxg2 Nf4+ 50. Kf3 Nxd5 51. Rc5 Ne7 1/2-1/2

[Event "Nova Gorica op-A 26th"]
[Site "Nova Gorica"]
[Date "2022.09.18"]
[Round "5"]
[White "Lodici, Lorenzo"]
[Black "Gschiel, Alexander"]
[Result "1/2-1/2"]
[WhiteElo "2559"]
[BlackElo "2196"]
[PlyCount "104"]
[EventDate "2022.09.16"]
[EventType "swiss"]
[EventRounds "9"]
[EventCountry "SLO"]
[SourceTitle "CBM 210 Extra"]
[Source "ChessBase"]
[SourceDate "2022.11.30"]
[SourceVersion "1"]
[SourceVersionDate "2022.11.30"]
[SourceQuality "1"]

1. Nf3 d5 2. e3 Nf6 3. b3 e6 4. Bb2 c5 5. c4 Nc6 6. cxd5 exd5 7. Nc3 Be7 8. d4 0-0 9. Be2 Be6 10. 0-0 Rc8 11. Rc1 Ne4 12. dxc5 Nxc5 13. Qc2 Qd7 14. Rfd1 Rfd8 15. Qb1 Qe8 16. Qa1 Qf8 17. Nb5 Ne4 18. Nfd4 Nxd4 19. Nxd4 Ba3 20. Bxa3 Qxa3 21. Nxe6 fxe6 22. Bg4 Qd6 23. Qd4 Nf6 24. Bh3 b6 25. g3 Kf7 26. Rxc8 Rxc8 27. e4 Qc5 28. Qe5 Re8 29. exd5 exd5 30. Qb2 Qb4 31. Bf1 Re1 32. Qd2 Qxd2 33. Rxd2 Ke6 34. f3 Kd6 35. Kf2 Rc1 36. h4 Kc5 37. g4 h6 38. g5 Nh5 39. Bh3 Nf4 40. Bf5 d4 41. gxh6 gxh6 42. Kg3 Nd5 43. Kg4 Ne3+ 44. Kf4 Rh1 45. Be4 Rxh4+ 46. Ke5 Rh1 47. f4 Ng4+ 48. Kf5 Ne3+ 49. Kf6 Rf1 50. Ke5 Ng4+ 51. Kf5 Ne3+ 52. Ke5 Ng4+ 1/2-1/2

[Event "AUT-ch"]
[Site "Vienna"]
[Date "2022.08.13"]
[Round "2"]
[White "Kilgus, Georg"]
[Black "Gschiel, Alexander"]
[Result "1-0"]
[WhiteElo "2387"]
[BlackElo "2214"]
[PlyCount "73"]
[EventDate "2022.08.12"]
[EventType "swiss"]
[EventRounds "9"]
[EventCountry "AUT"]
[SourceTitle "CBM 209 Extra"]
[Source "ChessBase"]
[SourceDate "2022.09.30"]
[SourceVersion "1"]
[SourceVersionDate "2022.09.30"]
[SourceQuality "1"]

1. Nf3 d5 2. e3 Nf6 3. c4 e6 4. Nc3 Be7 5. b3 0-0 6. Bb2 c6 7. d4 Qa5 8. Bd3 c5 9. 0-0 cxd4 10. exd4 dxc4 11. bxc4 Ba3 12. Bxa3 Qxa3 13. Qd2 Nc6 14. Rab1 Rd8 15. Ne4 Qe7 16. Rfd1 Kh8 17. Qe3 Ng4 18. Qg5 Qxg5 19. Nexg5 Nh6 20. Be4 f6 21. Bxc6 bxc6 22. Ne4 Ba6 23. Rdc1 Rab8 24. Rb3 Nf5 25. Nc5 Rxb3 26. axb3 Bc8 27. Ra1 g5 28. h3 h5 29. Rxa7 g4 30. hxg4 hxg4 31. Nd2 Rxd4 32. Nde4 Rd1+ 33. Kh2 g3+ 34. fxg3 Ne3 35. Nxf6 Nf1+ 36. Kh3 e5+ 37. g4 1-0

[Event "St Veit op 41st"]
[Site "St Veit"]
[Date "2022.07.10"]
[Round "3"]
[White "Gschiel, Alexander"]
[Black "Hng, Mei En Emmanuelle"]
[Result "0-1"]
[WhiteElo "2215"]
[BlackElo "1997"]
[PlyCount "92"]
[EventDate "2022.07.09"]
[EventType "swiss"]
[EventRounds "9"]
[EventCountry "AUT"]
[SourceTitle "CBM 209 Extra"]
[Source "ChessBase"]
[SourceDate "2022.09.30"]
[SourceVersion "1"]
[SourceVersionDate "2022.09.30"]
[SourceQuality "1"]

1. d4 Nf6 2. c4 e6 3. Nf3 c5 4. d5 exd5 5. cxd5 d6 6. Nc3 g6 7. Nd2 Bg7 8. e4 0-0 9. Be2 Re8 10. 0-0 a6 11. a4 a5 12. f4 Nbd7 13. Bf3 Nb6 14. Re1 h5 15. h3 c4 16. Nb5 Bf8 17. Nf1 Bd7 18. Nc3 Rc8 19. Be3 Na8 20. Bf2 Nh7 21. Ng3 Nc7 22. Bb6 Qh4 23. Nge2 Na6 24. Bf2 Qd8 25. f5 Bh6 26. Nd4 Nc5 27. fxg6 fxg6 28. Be3 Bxe3+ 29. Rxe3 Qg5 30. Qe2 Nd3 31. Kh1 Nf4 32. Qd2 Qe5 33. Nde2 Nd3 34. b3 Ng5 35. bxc4 Nf2+ 36. Kg1 Nxf3+ 37. Rxf3 Nxe4 38. Qh6 Bf5 39. Qf4 Rxc4 40. Qxe5 Rxe5 41. Nxe4 Bxe4 42. Rf6 Bf5 43. Ng3 Rxd5 44. Nxf5 gxf5 45. Re1 Re4 46. Rc1 Kg7 0-1

[Event "Pasching PlusCity op"]
[Site "Pasching"]
[Date "2022.06.17"]
[Round "7"]
[White "Baidetsky, Valentin"]
[Black "Gschiel, Alexander"]
[Result "1-0"]
[WhiteElo "2443"]
[BlackElo "2186"]
[PlyCount "51"]
[EventDate "2022.06.17"]
[EventType "swiss (rapid)"]
[EventRounds "9"]
[EventCountry "AUT"]
[SourceTitle "EXT 2023"]
[Source "ChessBase"]
[SourceDate "2022.10.05"]
[SourceVersion "1"]
[SourceVersionDate "2022.10.05"]
[SourceQuality "1"]

1. Nf3 d5 2. g3 Nf6 3. Bg2 e6 4. 0-0 Be7 5. c4 0-0 6. b3 d4 7. e3 c5 8. exd4 cxd4 9. Ba3 Nc6 10. Re1 Qc7 11. Bxe7 Qxe7 12. Qe2 Nd7 13. d3 Nc5 14. Nbd2 Rd8 15. Ne4 a5 16. Nxc5 Qxc5 17. a3 Qb6 18. Rab1 Bd7 19. Ng5 Be8 20. Qe4 g6 21. Qh4 h5 22. g4 Rd7 23. gxh5 gxh5 24. Ne4 Rc7 25. Nf6+ Kf8 26. Qg5 1-0

[Event "AUT-chT 2122"]
[Site "Austria"]
[Date "2022.04.21"]
[Round "9.6"]
[White "Gschiel, Alexander"]
[Black "Rogic, Davor"]
[Result "0-1"]
[WhiteElo "2064"]
[BlackElo "2457"]
[PlyCount "78"]
[EventDate "2021.11.04"]
[EventType "team-tourn"]
[EventRounds "11"]
[EventCountry "AUT"]
[SourceTitle "EXT 2023"]
[Source "ChessBase"]
[SourceDate "2022.10.05"]
[SourceVersion "1"]
[SourceVersionDate "2022.10.05"]
[SourceQuality "1"]
[WhiteTeam "Pamhagen"]
[BlackTeam "St Veit"]
[WhiteTeamCountry "AUT"]
[BlackTeamCountry "AUT"]

1. d4 d5 2. c4 c6 3. Nf3 Nf6 4. g3 Bf5 5. Bg2 e6 6. 0-0 h6 7. Nc3 Nbd7 8. Nd2 Be7 9. e4 dxe4 10. Ndxe4 0-0 11. Be3 Qa5 12. Qe2 Rfe8 13. a3 Bg4 14. f3 Bh5 15. b4 Qa6 16. g4 Bg6 17. f4 Rad8 18. Nd2 Qb6 19. c5 Qc7 20. Nc4 Nd5 21. Nxd5 exd5 22. f5 Bh7 23. Bf4 Qc8 24. Ne5 Bf6 25. Qb2 Re7 26. Rae1 Bh4 27. Rb1 Rde8 28. b5 Bf6 29. Nf3 Nxc5 30. Qc2 Nd7 31. bxc6 bxc6 32. Rfc1 Re4 33. Qd2 Re2 34. Qa5 R2e4 35. Qd2 g5 36. fxg6 Bxg6 37. Rb2 Nb6 38. g5 hxg5 39. Nxg5 Rxd4 0-1

[Event "AUT-chT2O 2122"]
[Site "Austria"]
[Date "2022.04.03"]
[Round "11.4"]
[White "Gschiel, Alexander"]
[Black "Newrkla, Katharina"]
[Result "0-1"]
[WhiteElo "2112"]
[BlackElo "2239"]
[PlyCount "44"]
[EventDate "2021.10.16"]
[EventType "team-tourn"]
[EventRounds "11"]
[EventCountry "AUT"]
[SourceTitle "EXT 2024"]
[Source "ChessBase"]
[SourceDate "2023.10.10"]
[SourceVersion "1"]
[SourceVersionDate "2023.10.10"]
[SourceQuality "1"]
[WhiteTeam "Pamhagen II"]
[BlackTeam "Wien Austria"]
[WhiteTeamCountry "AUT"]
[BlackTeamCountry "AUT"]

1. d4 Nf6 2. c4 g6 3. Nc3 Bg7 4. e4 d6 5. Be2 0-0 6. Nf3 e5 7. d5 a5 8. Bg5 h6 9. Be3 Ng4 10. Bd2 f5 11. h3 Nf6 12. exf5 gxf5 13. Qc1 f4 14. g3 e4 15. Nh4 e3 16. fxe3 fxg3 17. Ng6 Re8 18. Rg1 Bf5 19. Rxg3 Nbd7 20. Bf3 Bxg6 21. Rxg6 Ne5 22. Rg3 Nd3+ 0-1